000 00350nam a2200121Ia 4500
008 250327s9999 xx 000 0 und d
020 _a9780691138640
082 _bDAV
_aCQR
100 _aHOWARD DAVIES & DAVID GREEN
_934134
245 0 _aBANKING ON THE FUTURE: THE FALL AND RISE OF CENTRAL BANKING
260 _bPRINCETON UNIVERSITY PRESS
942 _cBK
999 _c6816
_d6816